000 01040nam a2200289 a 4500
001 000022785
005 20200930021809.0
008 101118s2001 sp ac 000 0 spa d
020 _a8475560725
040 _aDO-SdBNP
_bspa
_cBNPHU
082 _a925
_bG633e, 2001
100 1 _aGómez Cordero, Teodoro
_946814
245 1 0 _aEinstein relativamente fácil /
_cTeodoro Gómez cordero.
250 _a2a ed.
260 _aBarcelona :
_bOceano,
_c2001.
300 _a203 p. :
_bil., retr. ;
_c23 cm.
500 _aIncluye notas al pie de las páginas
500 _aLa guía definitiva para entender a Einstein y las teorías que cambiaron nuestra concepción del universo.
504 _aBibliografía : p. 191-194
600 1 4 _aEINSTEIN, ALBERT,
_d1879-1955.
_xTEORÍAS
_946815
650 1 4 _aEinstein, albert,
_d1879-1955.
_xCrítica e interpretación
_946816
650 4 _aInventores
_xBiografías
_946817
650 4 _aRelatividad (física)
_931874
650 4 _aTeoría cuántica
_946818
650 4 _aInventos
_946819
049 _aBNPD
999 _c22282
_d22282